Country Flags With Weapons - Statistics

General Stats
  • This quiz has been taken 45 times
  • The average score is 12 of 15
Answer Stats
Picture Answer % Correct
Angola
91%
Saudi Arabia
89%
Ecuador
86%
Sri Lanka
86%
Iran
83%
Kenya
83%
Malta
83%
Dominican Republic
77%
Eswatini
77%
Mozambique
77%
Oman
77%
Haiti
74%
Bolivia
71%
Guatemala
69%
Barbados
66%
No matching quizzes found
Score Distribution
Percent of People with Each Score
Percentile by Number Answered
Your Score History
You have not taken this quiz